PERSPECTIVES IN ENVIRONMENTAL STUDIES (Record no. 16548)
[ view plain ]
| 000 -LEADER | |
|---|---|
| fixed length control field | 00329nam a22001457a 4500 |
| 003 - CONTROL NUMBER IDENTIFIER | |
| control field | SGT |
| 020 ## - INTERNATIONAL STANDARD BOOK NUMBER | |
| International Standard Book Number | 978-93-86418-63-0 |
| 082 ## - DEWEY DECIMAL CLASSIFICATION NUMBER | |
| Classification number | 375.008 |
| Item number | P18K |
| 100 ## - MAIN ENTRY--PERSONAL NAME | |
| Personal name | KAUSHIK, ANUBHA |
| 245 ## - TITLE STATEMENT | |
| Title | PERSPECTIVES IN ENVIRONMENTAL STUDIES |
| 250 ## - EDITION STATEMENT | |
| Edition statement | 6TH |
| 260 ## - PUBLICATION, DISTRIBUTION, ETC. (IMPRINT) | |
| Place of publication, distribution, etc | INDIA |
| Name of publisher, distributor, etc | NEW AGE |
| Year of Publication | 2018 |
| 300 ## - PAGE DESCRIPTION | |
| No. of Pages | 357 |
| 942 ## - ADDED ENTRY ELEMENTS (KOHA) | |
| Source of classification or shelving scheme | Dewey Decimal Classification |
| Koha item type | Books |
| 942 ## - ADDED ENTRY ELEMENTS (KOHA) | |
| -- | 76 |
| Withdrawn status | Lost status | Source of classification or shelving scheme | Damaged status | Not for loan | Collection code | Home library | Current library | Shelving location | Date acquired | Vendor Name | Cost, normal purchase price | SGTU | Bill Number | Total Checkouts | Full call number | Accession No. (Barcode) | Date last seen | Date last borrowed | Bill Date | Koha item type |
|---|---|---|---|---|---|---|---|---|---|---|---|---|---|---|---|---|---|---|---|---|
| Dewey Decimal Classification | NURSING | SGT Medical Library | SGT Medical Library | Text Book | 19/01/2019 | ABC | 299.00 | SGTU | 10396 | 31 | 375.008 P18K | FN3946 | 09/01/2025 | 03/01/2025 | 19/01/2019 | Books | ||||
| Dewey Decimal Classification | NURSING | SGT Medical Library | SGT Medical Library | Text Book | 19/01/2019 | ABC | 299.00 | SGTU | 10396 | 34 | 375.008 P18K | FN3947 | 20/08/2025 | 06/08/2025 | 19/01/2019 | Books | ||||
| Dewey Decimal Classification | NURSING | SGT Medical Library | SGT Medical Library | Text Book | 19/01/2019 | ABC | 299.00 | SGTU | 10396 | 40 | 375.008 P18K | FN3948 | 04/04/2025 | 20/06/2024 | 19/01/2019 | Books | ||||
| Dewey Decimal Classification | NURSING | SGT Medical Library | SGT Medical Library | Text Book | 19/01/2019 | ABC | 299.00 | SGTU | 10396 | 34 | 375.008 P18K | FN3949 | 13/08/2025 | 31/07/2025 | 19/01/2019 | Books | ||||
| Withdrawn | Missing | Dewey Decimal Classification | NURSING | SGT Medical Library | SGT Medical Library | Text Book | 19/01/2019 | ABC | 299.00 | SGTU | 10396 | 375.008 P18K | FN3950 | 19/01/2019 | 19/01/2019 | Books |